Statistics for South African Rugby - 2017 Currie Cup Teams

Click here to take the quiz!

General Stats

  • This quiz has been taken 77 times
  • The average score is 9 of 15

Answer Stats

LeagueTeam% Correct
PremierFree State Cheetahs
96%
PremierGolden Lions
96%
PremierSharks
94%
PremierBlue Bulls
93%
PremierWestern Province
90%
1stEastern Province
82%
PremierGriquas
76%
PremierPumas
63%
1stBoland Cavaliers
50%
1stBorder Bulldogs
46%
1stLeopards
35%
1stFalcons
34%
1stSWD Eagles
29%
1stWelwitschias
28%
1stGriffons
26%

Score Distribution

Percentile by Number Answered

Percent of People with Each Score

Your Score History

You have not taken this quiz